[Event "Szmetan-Giardelli GM"]
[Site "Buenos Aires ARG"]
[Date "2025.12.12"]
[Round "5.5"]
[White "Granda Zuniga, Julio E"]
[Black "Flores, Diego"]
[Result "1-0"]
[WhiteTitle "GM"]
[BlackTitle "GM"]
[WhiteElo "2624"]
[BlackElo "2567"]
[WhiteFideId "3800024"]
[BlackFideId "108049"]
[EventDate "2025.12.08"]

1. d4 Nf6 2. c4 e6 3. Nf3 d5 4. Nbd2 c5 5. cxd5 cxd4 6. Nxd4 Qxd5 7. e3 Be7 8.
Nb5 Na6 9. e4 Qc6 10. Nc3 O-O 11. Bb5 Qc7 12. O-O Rd8 13. Qe2 Nb4 14. Nf3 a6 15.
Ba4 b5 16. Bb3 Bb7 17. a4 bxa4 18. Rxa4 Bc6 19. Ra1 Qb7 20. Bg5 h6 21. Bxf6 Bxf6
22. Bc4 Rdc8 23. Rfd1 Be8 24. e5 Be7 25. Ne4 Rxc4 26. Qxc4 Rc8 27. Qd4 Nc2 28.
Nd6 Bxd6 29. Qxd6 Nxa1 30. Rxa1 Bc6 31. Qa3 Bxf3 32. gxf3 Qb5 33. Qxa6 Rc1+ 34.
Kg2 Qxe5 35. Rxc1 Qg5+ 36. Kh3 Qh5+ 37. Kg2 Qg5+ 38. Kh3 Qxc1 39. b4 Kh7 40. Qe2
g6 41. b5 Qb1 42. Kg2 Qb3 43. Qe5 h5 44. Qc5 h4 45. b6 g5 46. h3 Kg6 47. Qc6 f5
48. b7 g4 49. fxg4 fxg4 50. Qe4+ 1-0

[Event "Szmetan-Giardelli GM"]
[Site "Buenos Aires ARG"]
[Date "2025.12.13"]
[Round "6.1"]
[White "Tari, Aryan"]
[Black "Flores, Diego"]
[Result "1-0"]
[WhiteTitle "GM"]
[BlackTitle "GM"]
[WhiteElo "2636"]
[BlackElo "2567"]
[WhiteFideId "1510045"]
[BlackFideId "108049"]
[EventDate "2025.12.08"]

1. e4 c5 2. Nf3 Nc6 3. d4 cxd4 4. Nxd4 Qb6 5. Nb3 Nf6 6. Nc3 e6 7. a3 Be7 8. Bf4
O-O 9. e5 Ne8 10. Qd2 f6 11. exf6 Nxf6 12. O-O-O Ng4 13. Ne4 d5 14. h3 Nge5 15.
Be3 Qc7 16. Nc3 a6 17. f4 Ng6 18. g3 b5 19. Bg2 Bb7 20. Nc5 Bxc5 21. Bxc5 Rf7
22. Qe2 Na5 23. Bd4 Nf8 24. h4 Nc6 25. Bc5 Nd7 26. Bf2 b4 27. axb4 Nxb4 28. Bd4
Nf8 29. h5 h6 30. Qe3 Rc8 31. Rhe1 Qa5 32. Kd2 Nc6 33. Ra1 Qc7 34. Bh3 Re8 35.
Na4 Bc8 36. Be5 d4 37. Qa3 Qa5+ 38. Kd1 Nd7 39. Bd6 Qxh5+ 40. g4 Qd5 41. Bf1 Na7
42. Be5 Nb5 43. Qg3 Nxe5 44. Bg2 Qd6 45. fxe5 Qb4 46. Be4 Ref8 47. g5 Rf2 48.
Qd3 h5 49. Rh1 Qe7 50. Bh7+ Kh8 51. Bg6 Kg8 52. Bh7+ Kh8 53. Bg6 R8f3 54. Qc4
Qb7 55. Kc1 Kg8 56. Nc5 Qe7 57. Ne4 Bb7 58. Nxf2 Rxf2 59. Rxh5 Bf3 60. Qc8+ 1-0

[Event "Szmetan-Giardelli GM"]
[Site "Buenos Aires ARG"]
[Date "2025.12.13"]
[Round "6.2"]
[White "Oro, Faustino"]
[Black "Mareco, Sandro"]
[Result "1/2-1/2"]
[WhiteTitle "IM"]
[BlackTitle "GM"]
[WhiteElo "2503"]
[BlackElo "2555"]
[WhiteFideId "20000197"]
[BlackFideId "112275"]
[EventDate "2025.12.08"]

1. e4 e5 2. Nf3 Nc6 3. Bb5 a6 4. Ba4 Nf6 5. O-O Be7 6. Re1 b5 7. Bb3 O-O 8. a4
Rb8 9. axb5 axb5 10. c3 d6 11. d4 exd4 12. cxd4 d5 13. e5 Ne4 14. Nc3 Nxc3 15.
bxc3 Bf5 16. Be3 Qd7 17. Qe2 Nd8 18. Bc2 Bxc2 19. Qxc2 Ne6 20. h3 Rfc8 1/2-1/2

[Event "Szmetan-Giardelli GM"]
[Site "Buenos Aires ARG"]
[Date "2025.12.13"]
[Round "6.3"]
[White "Schnaider, Ilan"]
[Black "Granda Zuniga, Julio E"]
[Result "1-0"]
[WhiteTitle "IM"]
[BlackTitle "GM"]
[WhiteElo "2402"]
[BlackElo "2624"]
[WhiteFideId "169013"]
[BlackFideId "3800024"]
[EventDate "2025.12.08"]

1. e4 c6 2. Nc3 d5 3. Nf3 e6 4. d4 Nf6 5. Bd3 Be7 6. O-O b6 7. Qe2 Bb7 8. Bf4
O-O 9. a3 c5 10. dxc5 bxc5 11. exd5 exd5 12. Nb5 Nc6 13. c4 d4 14. Rfe1 a6 15.
Nc7 Ra7 16. h3 Bc8 17. Nd5 Nxd5 18. cxd5 Qxd5 19. Qc2 g6 20. Be4 Qe6 21. Rac1
Bd7 22. Bxc6 1-0

[Event "Szmetan-Giardelli GM"]
[Site "Buenos Aires ARG"]
[Date "2025.12.13"]
[Round "6.4"]
[White "Darcyl, Tomas"]
[Black "Cheparinov, Ivan"]
[Result "0-1"]
[WhiteTitle "IM"]
[BlackTitle "GM"]
[WhiteElo "2360"]
[BlackElo "2625"]
[WhiteFideId "100404"]
[BlackFideId "2905540"]
[EventDate "2025.12.08"]

1. Nf3 d5 2. g3 c5 3. Bg2 Nf6 4. O-O e6 5. d4 cxd4 6. Nxd4 e5 7. Nb3 Be6 8. c4
Nc6 9. cxd5 Nxd5 10. N1d2 Be7 11. Ne4 b6 12. Nc3 Ndb4 13. a3 Qxd1 14. Rxd1 Bxb3
15. axb4 Rc8 16. Bh3 Bxd1 17. Bxc8 Bb3 18. Bb7 Kd7 19. b5 Na5 20. Bd5 Bxd5 21.
Nxd5 Bd6 22. b4 Ke6 23. Nf4+ exf4 24. bxa5 fxg3 25. hxg3 Bc5 26. axb6 axb6 27.
Bb2 Rd8 28. Bc3 g6 29. Kg2 h5 30. f4 Rd5 31. Kf3 Bd6 32. Rb1 g5 33. fxg5 Rf5+
34. Kg2 Rxg5 35. Be1 Bxg3 36. Bxg3 h4 37. Rc1 Rxg3+ 38. Kh2 Kd5 39. Rc7 Re3 40.
Rxf7 Rxe2+ 41. Kh3 Re4 42. Rf5+ Kc4 43. Rh5 Kb4 44. Kg2 Rf4 45. Kh3 Ka5 46. Kg2
Ka4 47. Kh3 Rb4 48. Kg2 Rxb5 49. Rxh4+ Ka3 50. Kf3 Rb1 51. Ke2 b5 52. Kd2 b4 53.
Kc2 Ka2 54. Rh8 b3+ 55. Kc3 Rc1+ 56. Kd2 b2 57. Ra8+ Kb1 58. Rh8 Rc7 59. Kd3 Ra7
60. Rh1+ Ka2 61. Kd4 0-1

[Event "Szmetan-Giardelli GM"]
[Site "Buenos Aires ARG"]
[Date "2025.12.13"]
[Round "6.5"]
[White "Shirov, Alexei"]
[Black "Slipak, Sergio"]
[Result "1/2-1/2"]
[WhiteTitle "GM"]
[BlackTitle "GM"]
[WhiteElo "2610"]
[BlackElo "2374"]
[WhiteFideId "2209390"]
[BlackFideId "100250"]
[EventDate "2025.12.08"]

1. d4 d5 2. c4 e6 3. Nf3 Nf6 4. g3 Be7 5. Bg2 O-O 6. O-O Nbd7 7. Qc2 a5 8. Rd1
dxc4 9. Na3 Bxa3 10. bxa3 Nb6 11. Ne5 Bd7 12. Nxd7 Qxd7 13. Bxb7 Rab8 14. Bf3
Qa4 15. Qxa4 Nxa4 16. Bd2 c3 17. Be1 Nd5 18. Rdc1 Rfd8 19. e3 c5 20. dxc5 Rbc8
21. e4 Nf6 22. Bxc3 Rd3 23. Bxf6 gxf6 24. Kg2 Rxc5 25. Rxc5 Nxc5 26. Rc1 Nd7 27.
Rd1 Rxd1 28. Bxd1 Kg7 29. Kf3 Kg6 30. Ke3 e5 31. Ba4 Nb6 32. Bb5 Kg5 33. Be2 Nc8
34. f4+ Kg6 35. Kf3 Kg7 36. a4 Kg6 37. Bc4 Nb6 38. Bb5 Nc8 39. h4 Kg7 40. Kg4
Nd6 41. Bd3 Kg6 42. Kf3 Nc8 43. Bc4 Nb6 44. Bb5 Nc8 45. Kg4 Nd6 46. Bd3 Kg7 47.
Kh5 Nc8 48. Bc4 Nb6 49. Bb5 Nc8 50. Bc6 Nd6 51. Bd5 Nc8 52. Kg4 Nd6 53. h5 h6
54. Kf3 1/2-1/2

[Event "Szmetan-Giardelli GM"]
[Site "Buenos Aires ARG"]
[Date "2025.12.14"]
[Round "7.1"]
[White "Slipak, Sergio"]
[Black "Tari, Aryan"]
[Result "1/2-1/2"]
[WhiteTitle "GM"]
[BlackTitle "GM"]
[WhiteElo "2374"]
[BlackElo "2636"]
[WhiteFideId "100250"]
[BlackFideId "1510045"]
[EventDate "2025.12.08"]

1. d4 Nf6 2. c3 g6 3. Bg5 Bg7 4. Nd2 h6 5. Bh4 d6 6. e3 O-O 7. Ngf3 Qe8 8. Be2
e5 9. O-O Nbd7 10. a4 Nh7 11. dxe5 dxe5 12. e4 Kh8 13. Re1 Ndf6 14. Nc4 Nh5 15.
Bf1 Nf4 16. Qb3 b6 17. a5 Bg4 18. Nfd2 Be6 19. Qc2 Qc6 20. f3 Ng5 21. Bf2 Rad8
22. h4 Nh7 23. Rad1 h5 24. Kh2 Bc8 25. g3 Ne6 26. Ne3 Qe8 27. Ndc4 Rxd1 28. Rxd1
b5 29. Nd2 c6 30. b4 Qe7 1/2-1/2

[Event "Szmetan-Giardelli GM"]
[Site "Buenos Aires ARG"]
[Date "2025.12.14"]
[Round "7.3"]
[White "Granda Zuniga, Julio E"]
[Black "Darcyl, Tomas"]
[Result "1/2-1/2"]
[WhiteTitle "GM"]
[BlackTitle "IM"]
[WhiteElo "2624"]
[BlackElo "2360"]
[WhiteFideId "3800024"]
[BlackFideId "100404"]
[EventDate "2025.12.08"]

1. e4 Nf6 2. e5 Nd5 3. Nc3 Nxc3 4. dxc3 d6 5. Bf4 Nc6 6. Nf3 dxe5 7. Qxd8+ Nxd8
8. Bxe5 c6 9. Bc4 f6 10. Bg3 Be6 11. Bxe6 Nxe6 12. O-O-O Rd8 13. Nd4 Nxd4 14.
cxd4 e6 15. Rhe1 Kf7 16. c3 Bd6 17. Bxd6 Rxd6 18. f4 h5 19. Kc2 h4 20. Kd3 Rhd8 1/2-1/2

[Event "Szmetan-Giardelli GM"]
[Site "Buenos Aires ARG"]
[Date "2025.12.14"]
[Round "7.4"]
[White "Mareco, Sandro"]
[Black "Shirov, Alexei"]
[Result "1/2-1/2"]
[WhiteTitle "GM"]
[BlackTitle "GM"]
[WhiteElo "2555"]
[BlackElo "2610"]
[WhiteFideId "112275"]
[BlackFideId "2209390"]
[EventDate "2025.12.08"]

1. d4 d5 2. c4 e6 3. Nf3 Nf6 4. g3 dxc4 5. Bg2 Bb4+ 6. Bd2 c5 7. Bxb4 cxb4 8.
Ne5 O-O 9. Nxc4 Nc6 10. e3 e5 11. dxe5 Qxd1+ 12. Kxd1 Ng4 13. Ke2 Ngxe5 14. Nbd2
Bg4+ 15. f3 Nxc4 16. Nxc4 Be6 17. Rac1 Rfd8 18. b3 b5 19. Nd2 Ne7 20. e4 a5 21.
Rc7 a4 22. Rhc1 Kf8 23. R1c2 axb3 24. axb3 Ra3 25. Rb2 Bd7 26. Ke3 Nc6 27. Bf1
Na5 28. Rc5 1/2-1/2

[Event "Szmetan-Giardelli GM"]
[Site "Buenos Aires ARG"]
[Date "2025.12.14"]
[Round "7.5"]
[White "Flores, Diego"]
[Black "Schnaider, Ilan"]
[Result "1-0"]
[WhiteTitle "GM"]
[BlackTitle "IM"]
[WhiteElo "2567"]
[BlackElo "2402"]
[WhiteFideId "108049"]
[BlackFideId "169013"]
[EventDate "2025.12.08"]

1. c4 e5 2. Nc3 d6 3. Nf3 f5 4. d4 e4 5. Ng1 c6 6. Bf4 Nf6 7. e3 Be7 8. h4 Na6
9. Nh3 Nc7 10. Be2 O-O 11. Bg5 Ne6 12. Qb3 Nxg5 13. hxg5 Ne8 14. g6 hxg6 15. Nf4
Kf7 16. g4 Qb6 17. Qc2 Nf6 18. c5 Qa5 19. gxf5 Bxf5 20. cxd6 Bxd6 21. Qb3+ Ke7
22. O-O-O Qb6 23. Qc2 Bxf4 24. exf4 Nd5 25. Bc4 e3 26. Qe2 Nxc3 27. Qxe3+ Be4
28. Rhe1 Kd7 29. Qxc3 Rae8 30. d5 Kc8 31. d6 Bf5 32. Qxg7 Rd8 33. d7+ Bxd7 34.
Rxd7 Qc5 35. Rc7+ Kb8 36. Rxb7+ Ka8 37. Kb1 Rfe8 38. Rc1 Rb8 39. Ba6 Qxf2 40.
Qd7 Rbc8 1-0

[Event "Szmetan-Giardelli GM"]
[Site "Buenos Aires ARG"]
[Date "2025.12.15"]
[Round "8.1"]
[White "Tari, Aryan"]
[Black "Schnaider, Ilan"]
[Result "1/2-1/2"]
[WhiteTitle "GM"]
[BlackTitle "IM"]
[WhiteElo "2636"]
[BlackElo "2402"]
[WhiteFideId "1510045"]
[BlackFideId "169013"]
[EventDate "2025.12.08"]

1. e4 e5 2. Nf3 Nc6 3. Bb5 a6 4. Ba4 Bc5 5. c3 Nge7 6. O-O Ba7 7. d4 Ng6 8. Be3
O-O 9. Re1 Qf6 10. Nbd2 exd4 11. cxd4 Nxd4 12. e5 Nxf3+ 13. Nxf3 Qe7 14. Rc1
Bxe3 15. Rxe3 d6 16. exd6 Qxd6 17. Qxd6 cxd6 18. Rc7 Be6 19. Rxb7 Rfb8 20. Rxb8+
Rxb8 21. b3 Rc8 22. h3 Rc1+ 23. Kh2 Rc2 24. Rd3 Rxf2 25. Rxd6 Rxa2 26. Nd4 h6
27. Nxe6 fxe6 28. Kg3 a5 29. Ra6 Kf7 30. Rxa5 Rb2 31. Ra7+ Kf6 32. Rb7 Ne7 33.
Kf3 Ke5 1/2-1/2

[Event "Szmetan-Giardelli GM"]
[Site "Buenos Aires ARG"]
[Date "2025.12.15"]
[Round "8.2"]
[White "Oro, Faustino"]
[Black "Granda Zuniga, Julio E"]
[Result "1/2-1/2"]
[WhiteTitle "IM"]
[BlackTitle "GM"]
[WhiteElo "2503"]
[BlackElo "2624"]
[WhiteFideId "20000197"]
[BlackFideId "3800024"]
[EventDate "2025.12.08"]

1. e4 e5 2. Nf3 Nc6 3. Bc4 Bc5 4. c3 Nf6 5. d4 exd4 6. e5 d5 7. Bb5 Ne4 8. cxd4
Bb6 9. Nc3 O-O 10. Be3 Bg4 11. h3 Bxf3 12. gxf3 Nxc3 13. bxc3 f5 14. f4 Na5 15.
O-O c6 16. Bd3 Qe8 17. Qe2 Qe6 18. Rfc1 Rad8 19. Rab1 Rd7 20. Kh2 Kh8 21. a4
Rfd8 22. Rb4 Rf7 23. Rcb1 g6 24. Qb2 Rfd7 25. Qe2 Qe7 26. Qb2 Qe6 27. Qe2 Qe7 1/2-1/2

[Event "Szmetan-Giardelli GM"]
[Site "Buenos Aires ARG"]
[Date "2025.12.15"]
[Round "8.3"]
[White "Shirov, Alexei"]
[Black "Cheparinov, Ivan"]
[Result "1-0"]
[WhiteTitle "GM"]
[BlackTitle "GM"]
[WhiteElo "2610"]
[BlackElo "2625"]
[WhiteFideId "2209390"]
[BlackFideId "2905540"]
[EventDate "2025.12.08"]

1. e4 c5 2. Nf3 d6 3. d4 cxd4 4. Nxd4 Nf6 5. Nc3 a6 6. Be3 Ng4 7. Bg5 h6 8. Bh4
g5 9. Bg3 Bg7 10. h3 Ne5 11. Nf5 Bxf5 12. exf5 Nbc6 13. Nd5 e6 14. fxe6 fxe6 15.
Ne3 Qa5+ 16. c3 Nf3+ 17. gxf3 Bxc3+ 18. bxc3 Qxc3+ 19. Qd2 Qxa1+ 20. Nd1 Rc8 21.
Qxd6 Kf7 22. Bc4 Nd4 23. Qd7+ Kf6 24. O-O Rxc4 25. Ne3 Nxf3+ 26. Kg2 Ne1+ 27.
Rxe1 Qxe1 28. Be5+ Kxe5 29. Nxc4+ Kf6 30. Qd4+ Kg6 31. Ne5+ Kf5 32. Nf3 Qe2 33.
Qxh8 Qxa2 34. Qxh6 Qd5 35. Qxg5+ Ke4 36. Qg4+ Kd3 37. h4 Qe4 38. Kg3 1-0

[Event "Szmetan-Giardelli GM"]
[Site "Buenos Aires ARG"]
[Date "2025.12.15"]
[Round "8.4"]
[White "Darcyl, Tomas"]
[Black "Flores, Diego"]
[Result "0-1"]
[WhiteTitle "IM"]
[BlackTitle "GM"]
[WhiteElo "2360"]
[BlackElo "2567"]
[WhiteFideId "100404"]
[BlackFideId "108049"]
[EventDate "2025.12.08"]

1. Nf3 d6 2. c4 g6 3. Nc3 Bg7 4. g3 c5 5. Bg2 Nc6 6. a3 Qd7 7. Qa4 e6 8. b4 Nge7
9. Rb1 O-O 10. O-O f5 11. Bb2 h6 12. d3 Qd8 13. Ba1 Rb8 14. b5 Na5 15. Rbd1 b6
16. e4 Bb7 17. Rfe1 f4 18. g4 g5 19. Ne2 Bxa1 20. Rxa1 Ng6 21. Qc2 e5 22. Nc3
Bc8 23. h3 Rb7 24. Kf1 Rh7 25. Ke2 h5 26. gxh5 Rxh5 27. Rh1 Kg7 28. Rag1 Rfh8
29. Bf1 g4 30. Nd2 Kf7 31. Kd1 gxh3 32. Rh2 Rg5 33. Rgh1 Rg2 34. Kc1 Nh4 35.
Bxg2 hxg2 36. Rg1 f3 37. Nd5 Qg5 38. Ne3 Qf4 39. Nxf3 Nxf3 40. Rxh8 Nxg1 41. Kb2
Bh3 42. Rxh3 Nxh3 43. Nxg2 Qxf2 0-1

[Event "Szmetan-Giardelli GM"]
[Site "Buenos Aires ARG"]
[Date "2025.12.15"]
[Round "8.5"]
[White "Slipak, Sergio"]
[Black "Mareco, Sandro"]
[Result "0-1"]
[WhiteTitle "GM"]
[BlackTitle "GM"]
[WhiteElo "2374"]
[BlackElo "2555"]
[WhiteFideId "100250"]
[BlackFideId "112275"]
[EventDate "2025.12.08"]

1. d4 Nf6 2. c4 e6 3. Nf3 d5 4. Nc3 c6 5. cxd5 exd5 6. Bg5 h6 7. Bh4 Bf5 8. e3
Nbd7 9. Bd3 Bxd3 10. Qxd3 Be7 11. O-O O-O 12. Rab1 a5 13. Rfc1 Re8 14. Nd2 a4
15. b4 b5 16. Bxf6 Nxf6 17. Qf5 Bd6 18. a3 g6 19. Qf3 Kg7 20. Rc2 Nh7 21. g3 f5
22. Rbc1 Qd7 23. Qg2 Rac8 24. Ne2 g5 25. Nf3 g4 26. Ne5 Bxe5 27. dxe5 Ng5 28.
Nd4 Rxe5 29. h4 gxh3 30. Qf1 Re4 31. f4 Nf7 32. Qxh3 Nd6 33. g4 fxg4 34. Rg2 Kh7
35. Qh5 Rg8 36. Nxc6 Nc4 37. Nd4 Rg6 38. Nf5 Nxe3 39. Nxe3 Rxe3 40. Rgc2 Re7 41.
Rc5 Qe6 42. Qe5 Qxe5 43. fxe5 Rxe5 44. Rxb5 h5 45. Rc7+ Rg7 46. Rc6 h4 47. Rd6
Re1+ 48. Kf2 g3+ 0-1

[Event "Szmetan-Giardelli GM"]
[Site "Buenos Aires ARG"]
[Date "2025.12.16"]
[Round "9.2"]
[White "Flores, Diego"]
[Black "Oro, Faustino"]
[Result "1/2-1/2"]
[WhiteTitle "GM"]
[BlackTitle "IM"]
[WhiteElo "2567"]
[BlackElo "2503"]
[WhiteFideId "108049"]
[BlackFideId "20000197"]
[EventDate "2025.12.08"]

1. Nf3 d5 2. g3 Nf6 3. Bg2 e6 4. O-O Be7 5. c4 O-O 6. b3 d4 7. e3 c5 8. exd4
cxd4 9. d3 Nc6 10. Bg5 h6 11. Bxf6 Bxf6 12. a3 a5 13. Nbd2 Be7 14. Re1 Qc7 15.
Qe2 Rb8 16. Ne5 Nxe5 17. Qxe5 Qxe5 18. Rxe5 b6 19. Nf3 Rd8 20. Re2 Bd7 21. Ne5
Bd6 22. b4 Be8 23. b5 Rdc8 24. a4 Kf8 25. f4 Rc7 26. Rf1 Rd8 27. h4 h5 28. Kh2
g6 29. Nf3 Bb4 30. Ng5 Rcc8 31. Bh3 Rd6 32. Rb1 Rd7 33. Bg2 Rdc7 34. Rxb4 axb4
35. Rb2 Ra7 36. Rxb4 Ke7 37. Bf3 f6 38. Ne4 Bd7 39. Bd1 e5 40. fxe5 1/2-1/2

[Event "Szmetan-Giardelli GM"]
[Site "Buenos Aires ARG"]
[Date "2025.12.16"]
[Round "9.3"]
[White "Granda Zuniga, Julio E"]
[Black "Shirov, Alexei"]
[Result "1-0"]
[WhiteTitle "GM"]
[BlackTitle "GM"]
[WhiteElo "2624"]
[BlackElo "2610"]
[WhiteFideId "3800024"]
[BlackFideId "2209390"]
[EventDate "2025.12.08"]

1. c4 e6 2. g3 d5 3. Bg2 Nf6 4. Nf3 Be7 5. d4 O-O 6. Qc2 c5 7. cxd5 exd5 8. dxc5
Na6 9. O-O Nxc5 10. Be3 Nce4 11. Nc3 Be6 12. Nxe4 Nxe4 13. Rfd1 Qa5 14. Nd4 Rac8
15. Qb3 Nc5 16. Qb5 Qd8 17. Rac1 Bg4 18. h3 Bd7 19. Qb4 a5 20. Qe1 b6 21. Kh2
Ne4 22. Nc2 Bf5 23. Nd4 Bd7 24. Qh1 Rxc1 25. Rxc1 Bd6 26. Bxe4 dxe4 27. Qxe4 Qf6
28. Qb7 Rd8 29. Nc6 Bxg3+ 30. fxg3 Qe6 31. Bf2 Qxh3+ 32. Kg1 Re8 33. Nd4 h5 34.
Rc7 Rc8 35. Rxc8+ Bxc8 36. Qxb6 a4 37. Qd8+ Kh7 38. Qh4 1-0

[Event "Szmetan-Giardelli GM"]
[Site "Buenos Aires ARG"]
[Date "2025.12.16"]
[Round "9.4"]
[White "Cheparinov, Ivan"]
[Black "Slipak, Sergio"]
[Result "1-0"]
[WhiteTitle "GM"]
[BlackTitle "GM"]
[WhiteElo "2625"]
[BlackElo "2374"]
[WhiteFideId "2905540"]
[BlackFideId "100250"]
[EventDate "2025.12.08"]

1. e4 c5 2. Nf3 e6 3. d4 cxd4 4. Nxd4 Nf6 5. Nc3 Nc6 6. Nxc6 dxc6 7. Qxd8+ Kxd8
8. e5 Nd5 9. Ne4 f5 10. exf6 gxf6 11. Bd2 Be7 12. c4 Nb6 13. O-O-O Kc7 14. f4
Rd8 15. Bc3 Rxd1+ 16. Kxd1 Nd7 17. Bd3 b6 18. Re1 Ba6 19. b3 Rg8 20. Ng3 Nf8 21.
Re2 Bc8 22. Nh5 f5 23. Bxf5 exf5 24. Rxe7+ Kd6 25. Re8 Bd7 26. Be5+ Kc5 27. Rd8
Rxg2 28. Rxf8 Rxa2 29. Nf6 Be6 30. Nxh7 Rxh2 31. Ng5 Bxc4 32. bxc4 Kxc4 33. Nf3 1-0

[Event "Szmetan-Giardelli GM"]
[Site "Buenos Aires ARG"]
[Date "2025.12.16"]
[Round "9.5"]
[White "Schnaider, Ilan"]
[Black "Darcyl, Tomas"]
[Result "1/2-1/2"]
[WhiteTitle "IM"]
[BlackTitle "IM"]
[WhiteElo "2402"]
[BlackElo "2360"]
[WhiteFideId "169013"]
[BlackFideId "100404"]
[EventDate "2025.12.08"]

1. e4 c5 2. Nf3 Nc6 3. d4 cxd4 4. Nxd4 Nf6 5. Nc3 g6 6. Be3 Bg7 7. Nb3 O-O 8.
Qe2 b5 9. Qxb5 Rb8 10. Qe2 d6 11. f3 Be6 12. O-O-O Qc7 13. Nb5 Rxb5 14. Qxb5 Rb8
15. Qa4 Nb4 16. Rd2 Nxa2+ 17. Kb1 Nc3+ 18. bxc3 Nxe4 19. Kc1 Nxd2 20. Bxd2 Bxc3
21. Bd3 Bxb3 22. cxb3 Rc8 23. Re1 d5 24. Kd1 Bxd2 25. Kxd2 Qxh2 26. Qg4 Qc7 27.
Rxe7 Qc3+ 28. Ke2 Qb2+ 29. Kf1 Rc1+ 30. Re1 Rxe1+ 31. Kxe1 Qxb3 32. Qd4 a5 33.
Kd2 h5 34. Qc5 Qb4+ 35. Qxb4 axb4 36. Ke3 Kg7 37. Kd4 Kf6 38. Kxd5 Kg5 39. Ke5
b3 40. g3 h4 41. gxh4+ Kxh4 42. Kf4 b2 43. Be4 g5+ 44. Ke3 Kg3 45. Bf5 g4 46.
fxg4 1/2-1/2